000 02015cam a22002054a 4500
005 20250605165218.0
008 250528s ||||||||||||||||||||||||d
035 _a21275
020 _a978960786025
040 _aGR-AtMCL
_bgre
_dGR-AtMCL
_eAACR2
245 1 _aΣτρατηγικός Επιχειρηματικός Σχεδιασμός / Πώς να Πραγματοποιήσετε την Ανάπτυξη της Επιχείρησής σας: Με Υπόδειγμα Επιχειρησιακού Σχεδίου
250 _a
260 _bΠροπομπός,
_c2010
300 _a216
520 _aΤο συγκεκριμένο βιβλίο αποτελεί ένα εύχρηστο βοήθημα, στο οποίο αναλύονται ο τρόπος και η μεθοδολογία κατάρτισης ενός Επιχειρηματικού Σχεδίου. Πρόλογος, Βασικές Αρχές Οργανωτικής και Διοικητικής Δομής των Επιχειρήσεων, Η Δομή των Επιχειρήσεων, Αρχές της Οργανωτικής και Διοικητικής Δομής της Επιχείρησης, Ο Προγραμματισμός στις Επιχειρήσεις, Στρατηγικός Επιχειρηματικός Σχεδιασμός, Καθορισμός της Αποστολής της Επιχείρησης, Το Εξωτερικό και Εσωτερικό Περιβάλλον της Επιχείρησης, Αξιολόγηση της Υπάρχουσας Στρατηγικής, Κατάρτιση της Νέας Στρατηγικής, Ανάπτυξη των Σχεδίων Δράσης, Προβλέψεις Οικονομικών Αποτελεσμάτων, Εφαρμογή Στρατηγικού Επιχειρηματικού Σχεδίου, Ασκήσεις Αυτοαξιολόγησης.
700 1 _aΘεοδωρόπουλος Ανδρέας
_93878
942 _cBK
999 _c6340
_d6340